100 újítás a gépiparban /

Uložené v:
Podrobná bibliografia
Hlavný autor: Tóth, József aut
Médium: Kniha
Jazyk:Hungarian
Vydané: Budapest : Műszaki Könyvkiadó, 1976.
Vydanie:[1. kiad.]
ISBN: (brož.)
Fyzický popis: 246 s.
Tagy: Pridať tag
Žiadne tagy, Buďte prvý kto otaguje tento záznam!

MARC

LEADER 00000nam a22000004a 4500
001 000419821
005 20161007190957.0
008 130603s1976 hu e 000 0 hun d
020 |a (brož.) 
040 |a SVKKK  |b slo  |c SVKKK  |e AACR2 
041 0 |a hun 
044 |a hu  |c HU 
100 1 |a Tóth, József  |d aut 
245 1 0 |a 100 újítás a gépiparban /  |c József Tóth. 
246 1 0 |a Száz újítás a gépiparban 
250 |a [1. kiad.] 
260 |a Budapest :  |b Műszaki Könyvkiadó,  |c 1976. 
300 |a 246 s. 
910 |a svkkk 
998 |a BK 
090 |g SCKHL  |k Sklad Hlavná 10 suterén  |a I.46012  |j 545388  |i 2720679602  |s Absenčne